| 000 | 00513nam a2200169Ia 4500 | ||
|---|---|---|---|
| 003 | LK-CoDNM | ||
| 008 | 140723t2019 xxu||||| |||| 00| 1 sin d | ||
| 020 |
_a _a9789553114891 |
||
| 040 |
_aLK-CoDNM _dLK-CoDNM _eLK-CoDNM |
||
| 041 | _asin | ||
| 080 |
_a294.3 _bHEM |
||
| 100 |
_aහේමරතන හිමි, උඩුගම්පොල _vHemarathana Himi,Udugampola |
||
| 245 | _aවිනය සමීක්ෂා | ||
| 246 | _aWinaya Sameeksha | ||
| 260 |
_bSarasavi Publisher _aNugegoda _c2019 |
||
| 942 | _cBK | ||
| 999 |
_c80547 _d80547 |
||